000 00349 a2200109 4500
001 ART_45661
005 20260410161808.0
008 260409a
245 1 0 _a¿Y si probamos con las sociedades anónimas deportivas?
100 1 _aCamerini, Marcelo A.
773 0 _tDoctrina Societaria y Concursal
_g- Nº 364 (mar. 2018)
_wREV4298
999 _c21224
_d21224